000 00404nam a22001457a 4500
020 _a978-9332587687
082 _a658.8
_bWIR
100 _aWirtz, Jochen
245 _aServices marketing : people, technology, strategy /
_cJochen Wirtz, Christopher Lovelock.
250 _a8th Edition.
260 _aIndia:
_bPearson,
_c2018.
300 _axxii, 817p. :
563 _aPB
942 _2ddc
_cBK
999 _c613552
_d613552